|
|
|
|
| LEADER |
00000nam0a2200000 4500 |
| 001 |
245885 |
| 005 |
20231101232149.0 |
| 035 |
|
|
|a (RuTPU)RU\TPU\book\267322
|
| 090 |
|
|
|a 245885
|
| 100 |
|
|
|a 20131120d2013 k y0rusy50 ca
|
| 101 |
0 |
|
|a rus
|
| 102 |
|
|
|a RU
|
| 105 |
|
|
|a a dm 001zy
|
| 200 |
1 |
|
|a Синтез и свойства фтороаммонийных комплексных соединений редкоземельных металлов (NH4LnF4)
|e автореферат диссертации на соискание ученой степени кандидата химических наук
|e спец. 05.17.02
|f Р. А. Нефедов
|g Национальный исследовательский Томский государственный университет (ТГУ) ; Томский государственный университет (ТГУ), Сибирский физико-технический институт им. В. Д. Кузнецова (СФТИ) ; науч. рук. В. И. Сачков
|
| 210 |
|
|
|a Томск
|d 2013
|
| 215 |
|
|
|a 23 с.
|c ил.
|
| 300 |
|
|
|a Защита сост. 18.12.2013 г.
|
| 320 |
|
|
|a Библиогр.: с. 22-23 (10 назв.).
|
| 371 |
0 |
|
|a For_staff_use
|
| 606 |
1 |
|
|a Редкоземельные элементы,соединения
|x Синтез
|x Физика
|2 stltpush
|3 (RuTPU)RU\TPU\subj\32791
|9 55228
|
| 610 |
1 |
|
|a фториды
|
| 610 |
1 |
|
|a производство
|
| 610 |
1 |
|
|a свойства
|
| 610 |
1 |
|
|a применение
|
| 610 |
1 |
|
|a комплексные соединения
|
| 610 |
1 |
|
|a образование
|
| 610 |
1 |
|
|a термодинамика
|
| 610 |
1 |
|
|a фтороаммонийные соединения
|
| 610 |
1 |
|
|a фазообразование
|
| 610 |
1 |
|
|a рентгеноструктурные исследования
|
| 610 |
1 |
|
|a авторефераты диссертаций
|
| 675 |
|
|
|a 661.86(04)
|v 3
|
| 686 |
|
|
|a 05.17.02
|2 oksvnk
|
| 700 |
|
1 |
|a Нефедов
|b Р. А.
|g Роман Андреевич
|
| 702 |
|
1 |
|a Сачков
|b В. И.
|g Виктор Иванович
|4 727
|
| 712 |
0 |
2 |
|a Национальный исследовательский Томский государственный университет (ТГУ)
|c (2009- )
|2 stltpush
|3 (RuTPU)RU\TPU\col\17230
|
| 712 |
0 |
2 |
|a Томский государственный университет (ТГУ)
|b Сибирский физико-технический институт им. В. Д. Кузнецова (СФТИ)
|2 stltpush
|3 (RuTPU)RU\TPU\col\861
|
| 801 |
|
1 |
|a RU
|b 63413507
|c 20131120
|
| 801 |
|
2 |
|a RU
|b 63413507
|c 20131202
|g RCR
|
| 942 |
|
|
|c BK
|